00923 a2200169 4500003000500000005001700005040000900022082001500031100002800046245008100074260003200155300001000187505039900197942001200596999001900608952012600627Nust20230123123136.0 cNust a808.84,TRI aLionel Trilling9107424 aThe Liberal Imagination Essays on Litrature and Society /cLionel Trilling aUSAbDoubleday Anchorc1957 a293p; aReality in America (Page-1), Sherwood Anderson (Page-20), Freud and Literature (Page-32), The Princess Casamassima (Page-55), Huckleberry Finn (Page-100), Kipling (Page-114), The Immortality Ode (Page-125), Art and Neurosis (Page-155), The Sense of the Past (Page-176), Tactius Now (Page-192), The Kinsey Report (Page-216), Art and Fortune (Page-247), The Meaning of a Literary Idea (Page-272). 2ddccBK c194196d194196 00102ddc4070aMCSbMCScFICd2016-12-12o808.84,TRIpMCS29591-Ar2016-12-08w2016-12-12yBKzAlmirah No.57, Shelf No.3